| 000 | 00404 a2200157 4500 | ||
|---|---|---|---|
| 005 | 20250311112853.0 | ||
| 020 | _a0-673-15492-0 | ||
| 082 | _a330 CHI | ||
| 100 | _aCHISHOLM,R.. | ||
| 245 | _aPrinciples of Economics. | ||
| 250 | _a2ndEd. | ||
| 260 |
_aLondon, _bScott,Foresman and Company, _c1981. |
||
| 300 |
_a806p.:Ill.;figures & table. _bIndex, _c25cm. |
||
| 700 | _aMARILU,McCARTY. | ||
| 942 |
_2ddc _cBKS |
||
| 999 |
_c359 _d359 |
||